Logo biblioteca
Santa Fe 2917, Rosario, Santa Fe
Lu-Vi 8 a 19.45
+54-341-4232362
bibliotecaeudoro@gmail.com
Facebook Biblioteca Pedagógica
Sitio web

Expresión creativa en la formación docente / (Registro nro. 32673)

Detalles MARC
000 -CABECERA
campo fijo de control de longitud 01051nab a2200253 4500
003 - IDENTIFICADOR DEL NÚMERO DE CONTROL
campo de control AR-RoBPED
005 - FECHA Y HORADE LA ULTIMA TRANSACCION
campo de control 20260430091952.0
008 - ELEMENTOS DE LONGITUD FIJA--INFORMACION GENERAL
campo fijo de control de longitud 260430b |||||||| |||| 00| 0 spa d
040 ## - FUENTE CATALOGADORA
Centro catalogador/agencia de origen AR-RoBPED
041 ## - IDIOMA
Código de idioma para texto/pista de sonido o título independiente spa
100 1# - ENCABEZAMIENTO PRINCIPAL--AUTOR PERSONAL
Nombre de persona Paez, Mariana
9 (RLIN) 23338
Función Doctora en Ciencias Sociales
245 1# - TITULO
Título Expresión creativa en la formación docente /
260 ## - PUBLICACION
Lugar Buenos Aires :
Editor Noveduc,
Fecha 2023
300 ## - DESCRIPCION FISICA
Extensión 42-45 p.
500 ## - NOTA GENERAL
Nota general La autora señala la necesidad de que la creatividad esté presente en todos los espacios educativos y se desarrolle en el devenir cotidiano del aula, sin quedar relegad a las clases de arte o a talleres específicos.
650 #7 - TERMINO DE MATERIA--CONTROLADO
Término controlado FORMACION DE DOCENTES
9 (RLIN) 1259
Término controlado AULAS
9 (RLIN) 10921
Término controlado ESPACIOS EDUCACIONALES
9 (RLIN) 7392
Término controlado CREATIVIDAD
9 (RLIN) 19647
Término controlado TALLERES ESCOLARES
9 (RLIN) 370
773 0# - DOCUMENTO FUENTE
Host Biblionumber 20414
Host Itemnumber 40098
Place, publisher, and date of publication Buenos Aires : Noveduc, 1993-
Título Novedades Educativas
Record control number (AR-RoBPED)20414
International Standard Serial Number 03283534
942 ## - ELEMENTOS KOHA
Fuente de clasificación Universal Decimal Classification
Koha tipo de ítem Revistas
Clasificación 37(05)
Signatura librística Nov 86 N° 393 (Dic.2023)
Número Koha k.32673
945 ## - PROCESAMIENTO DE LA INFORMACIÓN LOCAL
Catalogador y fecha mar 04/2026

No hay ítems disponibles.